| 000 | 00510nam a2200181Ia 4500 | ||
|---|---|---|---|
| 005 | 20250508161943.0 | ||
| 008 | 008 250505s9999 xx 000 0 hin d | ||
| 037 | _aTextual | ||
| 040 |
_aFEDL _beng _cFEDL |
||
| 041 |
_ahin _2eng |
||
| 084 |
_a370.15, VER _qFEDL |
||
| 100 |
_aVerma Satiesh Chand _9771879 |
||
| 245 | 0 | _aShiksha tatha manovigyan me paribhashik shabdawali | |
| 300 | _a142p. | ||
| 650 | _aEducation - Psychology | ||
| 942 |
_cTEXL _h370.15, VER |
||
| 999 |
_c1373472 _d1373472 |
||